Word Ladder: Tee Time Quiz Stats

 Plays Quiz Updated Jul 7, 2017

Support Sporcle.
Go Orange.
Score 0/78 Timer 08:00
0 Plays Today
Clue 4-Letter Word % Correct
• Game on the green ••GOLF•
95.9%
Olympian's questGOLD
94.3%
Well-behavedGOOD
93.1%
Robbing RobinHOOD
85.3%
Cigarette fragmentBUTT
83.2%
• Short stroke on the green ••PUTT•
81.6%
CreatedMADE
80.6%
Red root vegetableBEET
80.6%
NilNONE
80.3%
• Shot that curves sharply ••HOOK•
80.1%
Fabric fuzzLINT
78.2%
Cream of the cropBEST
78%
ApplaudCLAP
77.8%
Tehran's countryIRAN
77.1%
Sculptor's workBUST
77%
• Course goal ••HOLE•
75.6%
SharpenHONE
74.8%
• Intended path of a shot ••LINE•
74.8%
• Sphere on a tee ••BALL•
74.7%
Fiber source in many cerealsBRAN
74.6%
Turnpike chargeTOLL
74.3%
BoastBRAG
74.2%
Yard divisionsFEET
74.1%
BootyLOOT
73.9%
RaiseLIFT
73.7%
• 'Watch out!' ••FORE•
73.7%
InformedTOLD
73.6%
Come across asLOOK
73%
Fourth-down play, oftenPUNT
72.4%
Pull alongDRAG
72%
• Fairway choice: _____ [57] ••NINE•
72%
Patriot NathanHALE
71.2%
Spiked medieval weaponMACE
71.2%
AshenPALE
70.9%
• Fairway choice: [12] _____•IRON•
70.7%
Use shearsCLIP
70.6%
• Driver, e.g. ••CLUB•
70.5%
Put into wordsSAID
69.5%
Cat's scratcherCLAW
69.4%
Clue 4-Letter Word % Correct
• Short stroke near the green ••CHIP•
69.3%
BlokeCHAP
68.5%
Trumpet soundTOOT
68.4%
Rock genrePUNK
67.8%
• Speed of swing ••PACE•
67.5%
Hardware store purchaseTOOL
67.5%
• Hazard: _____ [70] ••SAND•
67.4%
• Degree of angle of a shot ••LOFT•
66.8%
Have a hunchFEEL
66.6%
Sticky stuffGLUE
65.9%
1982 Disney movieTRON
65.2%
Easy gaitTROT
64.7%
Went underSUNK
64.5%
Move effortlesslySAIL
64.4%
• Shot that flies from left to right ••FADE•
63.9%
Keep a boat afloatBAIL
63.5%
Chick's chirpPEEP
63.4%
Put to sleepBORE
63.1%
Weevil's targetBOLL
62.9%
• Positioning of hands on the [78] ••GRIP•
62.8%
Lose one's footingTRIP
62.7%
Menu offeringFARE
61.9%
Down in the dumpsGLUM
61.7%
• Hazard: [31] _____•TRAP•
61.7%
Losing casino rollCRAP
61.5%
This is oneCLUE
61.3%
• Shot that flies from right to left ••DRAW•
60.3%
Tree trunkBOLE
59.7%
Bird's gulletCRAW
58.8%
Harbor structurePIER
58.6%
Jury memberPEER
58.1%
Dickens' villain UriahHEEP
56.2%
Location of Kastelholm CastleSUND
56%
DeadlockedTIED
55.9%
OminousGRIM
55.4%
Faint candle lightGLIM
54.1%
Hammered on a slantTOED
51.8%
• Part of the [78] ••HEEL•
51.2%
• Rise of level in a green ••TIER•
50.7%

Today's Daily Dose

You're not logged in!

Compare scores with friends on all Sporcle quizzes.
OR
Log In
Forgot?

From the Vault

Find the Star: European Capitals II

by joeydeka

At least we gave you the continent to start with. The rest is up to you.
Remove Ads.
Support Sporcle.
Get the best of Sporcle when you Go Orange. This ad-free experience offers more features, more stats, and more fun while also helping to support Sporcle. Thank you for becoming a member.

Show Comments

Extras

Top Quizzes Today


Score Distribution

Your Account Isn't Verified!

In order to create a playlist on Sporcle, you need to verify the email address you used during registration. Go to your Sporcle Settings to finish the process.

Report this User

Report this user for behavior that violates our Community Guidelines.

Details: